000 00240nam a2200097Ia 4500
001 715165
005 20250826162919.0
008 250824s9999 xx 000 0 und d
245 0 _aBENİM ADIM MAYIS
_cBUKET UZUNER
260 _bEVEREST YAYINLARI
999 _c715165
_d715165